000
00315nam a22001337a 4500
008
180914b xxu||||| |||| 00| 0 eng d
020
_a
0791408302
041
_a
eng
080
_a
159.9
100
_a
48
101
_a
PSI
245
_a
Academic And WorK Place Sexual Harassment
_c
Paludi,M,A
942
_2
udc
_c
BK
999
_c
47807
_d
47807